Негосударственные российские и белорусские СМИ - Statistics

General Stats
  • This quiz has been taken 8 times
  • The average score is 9 of 15
Answers on the Grid
Answers color-coded by a green-red scale on the quiz's grid according to % correct below.
The Insider
Первый отдел
Lenta.ru
Спектр
Вёрстка
Новая газета
Фонтанка.ру
Nexta
Комсомольская правда
Радио "Свобода"
РИА Новости
Газета.ru
Белсат
Роскомсвобода
Дождь
Sputnik
Известия
Проект
ТАСС
Baza
Царьград
Интерфакс
Doxa
Важные истории
The Moscow Times
Mash
Sota.Vision
RT
Life
ВГТРК
 
Answer Stats
Answer % Correct
The Insider
100%
Дождь
83%
Новая газета
67%
Проект
67%
Важные истории
67%
Doxa
67%
Nexta
67%
Sota.Vision
67%
Первый отдел
50%
Вёрстка
50%
Радио "Свобода"
50%
Белсат
50%
Роскомсвобода
50%
Спектр
33%
The Moscow Times
33%
No matching quizzes found
Score Distribution
Percent of People with Each Score
Percentile by Number Answered
Your Score History
You have not taken this quiz